[Event "RM-2023-0-00282"]
[Site "LSS email"]
[Date "2023.04.09"]
[Round "?"]
[White "Susla, Vitaliy"]
[Black "Baltar, Antoni"]
[Result "1/2-1/2"]
[WhiteElo "2260"]
[BlackElo "2242"]
[PlyCount "47"]
[EventDate "2023.02.05"]
[EventType "tourn (corr)"]
[EventRounds "6"]
[EventCountry "GER"]
[SourceTitle "Corr 2024"]
[Source "ChessBase"]
[SourceDate "2023.10.19"]
[SourceVersion "1"]
[SourceVersionDate "2023.10.19"]
[SourceQuality "1"]

1. e4 e5 2. Nf3 Nc6 3. Bb5 a6 4. Ba4 Nf6 5. d3 b5 6. Bb3 Bc5 7. Nc3 d6 8. Nd5 h6 9. c3 Be6 10. Be3 0-0 11. 0-0 Bxd5 12. exd5 Bxe3 13. fxe3 Na5 14. e4 Nxb3 15. axb3 Ng4 16. Re1 f5 17. exf5 Rxf5 18. d4 Qf8 19. h3 Nf6 20. dxe5 dxe5 21. Nxe5 Qc5+ 22. Kh1 Qd6 23. Ng4 Nxd5 24. Qd3 1/2-1/2

[Event "RM-2023-0-00279"]
[Site "LSS email"]
[Date "2023.02.26"]
[Round "?"]
[White "Susla, Vitaliy"]
[Black "Martin, Simone"]
[Result "1/2-1/2"]
[WhiteElo "2276"]
[BlackElo "2210"]
[PlyCount "76"]
[EventDate "2022.12.22"]
[EventType "tourn (corr)"]
[EventRounds "6"]
[EventCountry "GER"]
[SourceTitle "Corr 2024"]
[Source "ChessBase"]
[SourceDate "2023.10.19"]
[SourceVersion "1"]
[SourceVersionDate "2023.10.19"]
[SourceQuality "1"]

1. e4 e5 2. Nf3 Nc6 3. Bb5 a6 4. Ba4 Nf6 5. d3 b5 6. Bb3 Bc5 7. c3 d6 8. Bg5 h6 9. Bh4 Bb6 10. a4 Rb8 11. axb5 axb5 12. Na3 0-0 13. Nxb5 Ne7 14. Bxf6 gxf6 15. 0-0 c6 16. Na3 d5 17. Nd2 f5 18. exd5 cxd5 19. Nc2 e4 20. Qh5 Qd6 21. d4 f4 22. c4 Bc7 23. Ra7 Qb6 24. Rfa1 e3 25. fxe3 fxe3 26. c5 Qf6 27. Nf3 Bf4 28. Bxd5 Nxd5 29. Qxd5 Qg6 30. Ne5 Qh5 31. h3 Qf5 32. Ne1 Rxb2 33. Rxf7 Rxf7 34. Qxf7+ Qxf7 35. Nxf7 e2 36. Ne5 Be3+ 37. Kh1 Be6 38. c6 Bxd4 1/2-1/2

[Event "RM-2023-0-00278"]
[Site "LSS email"]
[Date "2023.01.29"]
[Round "?"]
[White "Cirulis, Ilmars"]
[Black "Susla, Vitaliy"]
[Result "1/2-1/2"]
[WhiteElo "2271"]
[BlackElo "2290"]
[PlyCount "86"]
[EventDate "2022.12.19"]
[EventType "tourn (corr)"]
[EventRounds "6"]
[EventCountry "GER"]
[SourceTitle "Corr 2024"]
[Source "ChessBase"]
[SourceDate "2023.10.19"]
[SourceVersion "1"]
[SourceVersionDate "2023.10.19"]
[SourceQuality "1"]

1. f4 g6 2. d4 Nf6 3. e3 Bg7 4. Nf3 0-0 5. c3 d6 6. Be2 Nc6 7. 0-0 e5 8. dxe5 dxe5 9. Qxd8 Rxd8 10. fxe5 Ne4 11. Nbd2 Nxd2 12. Bxd2 Nxe5 13. Rfd1 Bh6 14. Kf1 Ng4 15. h3 Nf6 16. e4 Bxd2 17. Nxd2 Re8 18. Bf3 Bd7 19. a4 Bc6 20. e5 Rxe5 21. Bxc6 bxc6 22. Re1 Rd5 23. Nf3 Kf8 24. Ne5 c5 25. g4 Rb8 26. Re2 h5 27. Kg2 hxg4 28. hxg4 Re8 29. Rae1 Kg7 30. Kg3 Re6 31. Nf3 Ra6 32. c4 Rd3 33. Re3 Rxe3 34. Rxe3 Rxa4 35. Re7 Rxc4 36. Ne5 Ne4+ 37. Kf4 Rb4 38. Rxf7+ Kh6 39. Rxc7 Ng5+ 40. Kg3 Rxb2 41. Rxa7 Re2 42. Re7 Re3+ 43. Kg2 Re4 1/2-1/2

[Event "SM-2022-0-00496"]
[Site "LSS email"]
[Date "2022.12.29"]
[Round "?"]
[White "Zholob, Anatolij"]
[Black "Susla, Vitaliy"]
[Result "1/2-1/2"]
[WhiteElo "2215"]
[BlackElo "2293"]
[PlyCount "52"]
[EventDate "2022.12.07"]
[EventType "tourn (corr)"]
[EventRounds "6"]
[EventCountry "GER"]
[SourceTitle "Corr 2024"]
[Source "ChessBase"]
[SourceDate "2023.10.19"]
[SourceVersion "1"]
[SourceVersionDate "2023.10.19"]
[SourceQuality "1"]

1. e4 e5 2. Nf3 Nc6 3. Bb5 Nf6 4. d3 Bc5 5. Bxc6 dxc6 6. 0-0 Qe7 7. Nbd2 Bg4 8. h3 Bh5 9. a3 Nd7 10. b4 Bd6 11. Rb1 f6 12. Re1 0-0 13. Nf1 Rfe8 14. Ng3 Bf7 15. Nf5 Qe6 16. g4 Bf8 17. Kh2 b6 18. Rg1 c5 19. g5 Bg6 20. gxf6 Nxf6 21. N3h4 Bxf5 22. Nxf5 g6 23. Be3 cxb4 24. axb4 Kh8 25. Nh4 Bg7 26. b5 Rf8 1/2-1/2

[Event "RM-2022-0-00274"]
[Site "LSS email"]
[Date "2022.12.12"]
[Round "?"]
[White "Sorcinelli, Andrea"]
[Black "Susla, Vitaliy"]
[Result "1/2-1/2"]
[WhiteElo "2302"]
[BlackElo "2295"]
[PlyCount "31"]
[EventDate "2022.10.13"]
[EventType "tourn (corr)"]
[EventRounds "6"]
[EventCountry "GER"]
[SourceTitle "Corr 2024"]
[Source "ChessBase"]
[SourceDate "2023.10.19"]
[SourceVersion "1"]
[SourceVersionDate "2023.10.19"]
[SourceQuality "1"]

1. d4 d5 2. Nf3 Nf6 3. e3 c5 4. c3 cxd4 5. exd4 Nc6 6. Bd3 Bg4 7. Bf4 e6 8. Nbd2 Bd6 9. Bxd6 Qxd6 10. h3 Bh5 11. 0-0 0-0 12. Qb1 Rfc8 13. Re1 Bg6 14. Bxg6 hxg6 15. Qd3 Qf4 16. Ne5 1/2-1/2

[Event "RM-2022-0-00274"]
[Site "LSS email"]
[Date "2022.12.09"]
[Round "?"]
[White "Susla, Vitaliy"]
[Black "Ozen, Bahadir"]
[Result "1/2-1/2"]
[WhiteElo "2295"]
[BlackElo "2258"]
[PlyCount "44"]
[EventDate "2022.10.13"]
[EventType "tourn (corr)"]
[EventRounds "6"]
[EventCountry "GER"]
[SourceTitle "Corr 2024"]
[Source "ChessBase"]
[SourceDate "2023.10.19"]
[SourceVersion "1"]
[SourceVersionDate "2023.10.19"]
[SourceQuality "1"]

1. d4 d5 2. c4 e6 3. Nf3 Nf6 4. g3 Bb4+ 5. Bd2 Be7 6. Bg2 0-0 7. 0-0 c6 8. Qc2 b6 9. Rd1 Nbd7 10. Bf4 Bb7 11. Ne5 Nh5 12. Bd2 Nhf6 13. cxd5 cxd5 14. Nc6 Bxc6 15. Qxc6 Rc8 16. Qb5 Ne8 17. Qd3 Nd6 18. Be1 Nf6 19. e3 h5 20. Nd2 h4 21. Nf3 hxg3 22. hxg3 Qc7 1/2-1/2

[Event "RM-2022-0-00273"]
[Site "LSS email"]
[Date "2022.11.17"]
[Round "?"]
[White "Sorcinelli, Andrea"]
[Black "Susla, Vitaliy"]
[Result "1/2-1/2"]
[WhiteElo "2293"]
[BlackElo "2299"]
[PlyCount "39"]
[EventDate "2022.08.14"]
[EventType "tourn (corr)"]
[EventRounds "6"]
[EventCountry "GER"]
[SourceTitle "Corr 2024"]
[Source "ChessBase"]
[SourceDate "2023.10.19"]
[SourceVersion "1"]
[SourceVersionDate "2023.10.19"]
[SourceQuality "1"]

1. e4 e5 2. Nf3 Nc6 3. Bb5 Nf6 4. d3 Bc5 5. Bxc6 dxc6 6. 0-0 Qe7 7. Nbd2 Bg4 8. h3 Bh5 9. a3 a5 10. Nc4 Nd7 11. g4 Bg6 12. b4 axb4 13. Bg5 f6 14. axb4 0-0 15. Rxa8 Rxa8 16. Bxf6 gxf6 17. bxc5 Nxc5 18. Ne3 b5 19. Nf5 Qf8 20. Qd2 1/2-1/2

[Event "RM-2022-0-00273"]
[Site "LSS email"]
[Date "2022.11.17"]
[Round "?"]
[White "Susla, Vitaliy"]
[Black "Ozen, Bahadir"]
[Result "1/2-1/2"]
[WhiteElo "2299"]
[BlackElo "2256"]
[PlyCount "30"]
[EventDate "2022.08.14"]
[EventType "tourn (corr)"]
[EventRounds "6"]
[EventCountry "GER"]
[SourceTitle "Corr 2024"]
[Source "ChessBase"]
[SourceDate "2023.10.19"]
[SourceVersion "1"]
[SourceVersionDate "2023.10.19"]
[SourceQuality "1"]

1. Nf3 d5 2. g3 g6 3. c4 dxc4 4. Na3 Bg7 5. Nxc4 Nc6 6. Bg2 e5 7. d3 e4 8. dxe4 Qxd1+ 9. Kxd1 Nf6 10. Nfe5 Nxe5 11. Nxe5 Nxe4 12. Bxe4 Bxe5 13. Kc2 c6 14. a4 a5 15. Bd2 Be6 1/2-1/2

[Event "RM-2022-0-00272"]
[Site "LSS email"]
[Date "2022.11.01"]
[Round "?"]
[White "Cirulis, Ilmars"]
[Black "Susla, Vitaliy"]
[Result "1/2-1/2"]
[WhiteElo "2264"]
[BlackElo "2299"]
[PlyCount "41"]
[EventDate "2022.07.25"]
[EventType "tourn (corr)"]
[EventRounds "6"]
[EventCountry "GER"]
[SourceTitle "Corr 2024"]
[Source "ChessBase"]
[SourceDate "2023.10.19"]
[SourceVersion "1"]
[SourceVersionDate "2023.10.19"]
[SourceQuality "1"]

1. f4 d5 2. Nf3 g6 3. g3 Bg7 4. Bg2 Nf6 5. 0-0 0-0 6. d3 b6 7. Ne5 Bb7 8. Nc3 Nbd7 9. a4 a5 10. e3 e6 11. d4 Ne4 12. Nxe4 dxe4 13. b3 f5 14. Ba3 c5 15. Rc1 Nxe5 16. dxe5 Qc7 17. Qe2 Ba6 18. c4 Rfd8 19. Rcd1 Bf8 20. Bb2 Be7 21. h3 1/2-1/2

[Event "WC-2022-S-00003"]
[Site "LSS email"]
[Date "2022.06.21"]
[Round "?"]
[White "Muniz, Alberto"]
[Black "Susla, Vitaliy"]
[Result "1/2-1/2"]
[WhiteElo "2303"]
[BlackElo "2331"]
[PlyCount "54"]
[EventDate "2022.06.21"]
[EventType "tourn (corr)"]
[EventRounds "12"]
[EventCountry "GER"]
[SourceTitle "Corr 2024"]
[Source "ChessBase"]
[SourceDate "2023.10.19"]
[SourceVersion "1"]
[SourceVersionDate "2023.10.19"]
[SourceQuality "1"]

1. d4 d5 2. c4 c6 3. Nf3 Nf6 4. Nc3 e6 5. Bg5 h6 6. Bh4 dxc4 7. e4 g5 8. Bg3 b5 9. h4 g4 10. Ne5 Nbd7 11. Be2 Bb7 12. Nxd7 Qxd7 13. Be5 Qe7 14. b3 Rg8 15. Qc2 b4 16. Na4 c3 17. 0-0 Nd7 18. Bg3 c5 19. d5 e5 20. Bb5 Qd6 21. f4 gxf3 22. Rxf3 Ba6 23. Bxd7+ Kxd7 24. Bf2 Rc8 25. a3 Bb5 26. axb4 cxb4 27. Bxa7 Bxa4 1/2-1/2

[Event "WC-2022-S-00003"]
[Site "LSS email"]
[Date "2022.06.21"]
[Round "?"]
[White "Susla, Vitaliy"]
[Black "Pocivavsek, Darko"]
[Result "1/2-1/2"]
[WhiteElo "2331"]
[BlackElo "2327"]
[PlyCount "37"]
[EventDate "2022.06.21"]
[EventType "tourn (corr)"]
[EventRounds "12"]
[EventCountry "GER"]
[SourceTitle "Corr 2024"]
[Source "ChessBase"]
[SourceDate "2023.10.19"]
[SourceVersion "1"]
[SourceVersionDate "2023.10.19"]
[SourceQuality "1"]

1. e4 e5 2. Nf3 Nc6 3. Bb5 a6 4. Ba4 Nf6 5. 0-0 Be7 6. Re1 b5 7. Bb3 0-0 8. c3 d5 9. exd5 Nxd5 10. Nxe5 Nxe5 11. Rxe5 c6 12. d4 Bd6 13. Re1 Qh4 14. g3 Qh3 15. Be3 Bg4 16. Qd3 Kh8 17. Nd2 f5 18. Bxd5 cxd5 19. f4 1/2-1/2

[Event "WC-2022-S-00003"]
[Site "LSS email"]
[Date "2022.06.21"]
[Round "?"]
[White "Susla, Vitaliy"]
[Black "Podvoysky, Evgeny"]
[Result "1/2-1/2"]
[WhiteElo "2331"]
[BlackElo "2314"]
[PlyCount "35"]
[EventDate "2022.06.21"]
[EventType "tourn (corr)"]
[EventRounds "12"]
[EventCountry "GER"]
[SourceTitle "Corr 2024"]
[Source "ChessBase"]
[SourceDate "2023.10.19"]
[SourceVersion "1"]
[SourceVersionDate "2023.10.19"]
[SourceQuality "1"]

1. e4 c5 2. Nf3 d6 3. d4 cxd4 4. Nxd4 Nf6 5. Nc3 a6 6. f3 e5 7. Nb3 Be6 8. Be3 h5 9. Nd5 Bxd5 10. exd5 Nbd7 11. Qd2 g6 12. 0-0-0 Nb6 13. Kb1 Nbxd5 14. Bg5 Be7 15. g3 Nb6 16. Bxf6 Bxf6 17. Qxd6 h4 18. g4 1/2-1/2

[Event "RM-2022-0-00267"]
[Site "LSS email"]
[Date "2022.06.13"]
[Round "?"]
[White "Robertson, Gavin"]
[Black "Susla, Vitaliy"]
[Result "1/2-1/2"]
[WhiteElo "2354"]
[BlackElo "2331"]
[PlyCount "61"]
[EventDate "2022.04.30"]
[EventType "tourn (corr)"]
[EventRounds "6"]
[EventCountry "GER"]
[SourceTitle "Corr 2024"]
[Source "ChessBase"]
[SourceDate "2023.10.19"]
[SourceVersion "1"]
[SourceVersionDate "2023.10.19"]
[SourceQuality "1"]

1. e4 c5 2. Nf3 d6 3. d4 cxd4 4. Nxd4 Nf6 5. Nc3 a6 6. Be3 e5 7. Nb3 Be6 8. Qd2 Nbd7 9. f3 h5 10. Nd5 Bxd5 11. exd5 g6 12. Be2 Bg7 13. 0-0 b6 14. Kh1 h4 15. Bg5 h3 16. g4 0-0 17. Be3 b5 18. a4 b4 19. a5 Qc7 20. Rab1 Rfe8 21. Rfd1 Qc8 22. Ra1 Rb8 23. Rac1 Nf8 24. Rg1 Qb7 25. Rcd1 Rbc8 26. Rg3 e4 27. f4 Rc7 28. g5 Nh5 29. Bxh5 gxh5 30. f5 Bxb2 31. Rb1 1/2-1/2

[Event "ST-2022-0-00220"]
[Site "LSS email"]
[Date "2022.05.24"]
[Round "?"]
[White "Susla, Vitaliy"]
[Black "Sorcinelli, Andrea"]
[Result "1/2-1/2"]
[WhiteElo "2332"]
[BlackElo "2301"]
[PlyCount "46"]
[EventDate "2022.04.03"]
[EventType "tourn (corr)"]
[EventRounds "6"]
[EventCountry "GER"]
[SourceTitle "Corr 2024"]
[Source "ChessBase"]
[SourceDate "2023.10.19"]
[SourceVersion "1"]
[SourceVersionDate "2023.10.19"]
[SourceQuality "1"]

1. e4 e5 2. Nf3 Nf6 3. d4 Nxe4 4. Bd3 d5 5. Nxe5 Nd7 6. Nxd7 Bxd7 7. 0-0 Bd6 8. Nc3 Nxc3 9. bxc3 0-0 10. Qh5 f5 11. Re1 c6 12. a4 Qc7 13. Bd2 b5 14. Qf3 bxa4 15. c4 dxc4 16. Bxc4+ Kh8 17. Rxa4 Bxh2+ 18. Kf1 Bd6 19. Ra6 Rae8 20. Rxe8 Bxe8 21. Bd3 Qb8 22. d5 cxd5 23. Qxd5 Bc7 1/2-1/2